Auto da barca do inferno (Registo nº 1069)

Detalhes MARC
000 -Etiqueta do registo
Cabeçalho 00867nam0a2200289 4500
005 - Identificador da versão
Campo de controlo 20240813121824.0
010 ## - Número internacional normalizado dos livros (ISBN)
Número (ISBN) 9789720726995
021 ## - Número do Depósito Legal
Código do país PT
Número 372616/14
100 ## - Dados gerais de processamento
Dados gerais de processamento 20150515d2014 am y0pory5003 ba
102 ## - Pais de publicação ou produção
País de publicação Portugal
101 0# - Língua de publicação
Língua do texto, banda sonora, etc. Português
215 ## - Descrição física 
Indicação específica da natureza do documento e extensão da espécie 62, [2] p.
Outras indicações físicas il. color
200 1# - Titulo e menção de responsabilidade
Título próprio Auto da barca do inferno
Primeira menção de responsabilidade Gil Vicente
Outras menções de responsabilidade il. Sara Alves
225 2# - Colecção 
Título próprio da colecção Educação literária
205 ## - Menção da edição
Menção da edição Edição didáctica, anotada e comentada
210 ## - Publicação, Distribuição, etc. 
Lugar da edição, distribuição, etc. Porto
Nome do editor, distribuidor, etc. Porto Ed.
Data da publicação, distribuição, etc. 2014
300 ## - Notas gerais 
Texto da nota Metas Curriculares
Texto da nota Plano Nacional de Leitura
606 ## - Nome comum usado como assunto
Número de registo de entrada de autoridade 0002049
Palavra de ordem Literatura portuguesa
Subdivisão de assunto Teatro
Código do sistema CA
675 ## - Classificação Decimal Universal (CDU)
Notação 821.134.3-2
Edição 3ª ed.
Língua da edição por
702 #1 - Nome de autor-pessoa física (responsabilidade secundária)
Número de registo de entrada de autoridade 0002227
Palavra de ordem Alves
Outra parte do nome não tomada para palavra de ordem Sara
Código de função Ilustrador / Técnico de desenho computorizado
700 #1 - Nome de autor-pessoa física (responsabilidade principal)
Número de registo de entrada de autoridade 0002215
Palavra de ordem Vicente
Outra parte do nome não tomada para palavra de ordem Gil
Datas 1465?-1537?
966 ## - Identificação da Biblioteca
Sigla EB2,3ENM
942 ## - Elementos de entrada adicionados (Koha)
Tipo de item no Koha Livro
Exemplares
Situação do levantamento Origin of item (home branch) (coded) Biblioteca de empréstimo Código de barras Cota Circulation type (not for loan) Tipo de documento Nota do exemplar Damaged status
  Biblioteca Escolar Eng. Nuno Mergulhão Biblioteca Escolar Eng. Nuno Mergulhão BENM3568 82LP-2 VIC MET PNL   Livro Sem mensagem  
  Biblioteca Escolar Eng. Nuno Mergulhão Biblioteca Escolar Eng. Nuno Mergulhão BENM3567 82LP-2 VIC MET PNL   Livro Sem mensagem  
  Biblioteca Escolar Eng. Nuno Mergulhão Biblioteca Escolar Eng. Nuno Mergulhão BENM3566 82LP-2 VIC MET PNL   Livro Sem mensagem  
  Biblioteca Escolar Eng. Nuno Mergulhão Biblioteca Escolar Eng. Nuno Mergulhão BENM3656 82LP-2 VIC MET PNL   Livro Sem mensagem